000 00573nam a22002057a 4500
005 20251108171801.0
008 250721s1992 xx 000 0 ara d
082 1 4 _aم/ط/503/زكي
100 1 _aزكي، أحمد
245 1 0 _aفي سبيل موسوعة علمية /
250 _aط5 . ، منقحة
264 1 _aالقاهرة :
_bدار الشروق،
_c1992.
300 _a599ص
650 1 7 _aالعلوم
650 1 7 _aالموسوعات
650 1 7 _aالعلم
653 _aناشئون كبار (15-18) سنة
942 _2ddc
_cBK
999 _c62411
_d62411